000
00360nam a2200169Ia 4500
100
_a
Bimbhra/P.S
650
_a
Power electronics
942
_c
BK
366
_f
10
654
_a
power electronics
245
_a
Power Electronics
260
_b
Khanna publishers
_c
2010
082
_a
621.317
_b
BIM
300
_a
770
546
_a
ENGLISH
_c
TTL
999
_c
25010
_d
25010